000 01211nam a2200337 i 4500
003 DO-SdBNP
005 20240711102945.0
006 a||||er|||| 00| 0
007 ta
008 240710e1991 ag ||||| |||| 00| 0 spa d
020 _a9507390421
040 _aDO-SdBNP
_bspa
_cBNPHU
_erda
082 4 _222
_bS132e 1991
100 1 _aSathya Sai Baba,
_d1926-2011
_963261
_eautor
245 1 0 _aEnseñanzas /
_bSathya Sai Baba; traducción, Rosamaría Blanco Rugiero.
246 1 4 _aEnseñanzas de Sri Sathya Sai Baba.
250 _a8a. edición.
264 1 _aBuenos Aires, Argentina :
_bEditorial ERREPAR S. A.,
_bEditorial Yug,
_c1991
300 _a95 páginas ;
_c20 cm.
336 _2rdacontent
_atexto
_btxt
337 _2rdamedia
_asin mediación
_bn
338 _2rdacarrier
_avolumen
_bnc
490 _aSathya / Esneñanzas
500 _aPrimera edición en castellano: Editorial Yug. Primera edición Argentina: ERREPAR.
534 _aTeachings of Sri Sathya Sai Baba.
_cPublicaciones Trust.
590 _aInventariado 2024 / MF
650 4 _aReligión
_xEnseñanza
_95217
650 4 _aSincretismo (Religión)
_910400
700 1 _aBlanco Rugiero, Rosamaría,
_etraductor
_986035
942 _2ddc
_cLBS1
999 _c57247
_d57247